000 01179cam a22003371 4500
999 _c19576
_d19576
001 9415105
003 BDDh-ASL
005 20231015025805.0
008 780405s1965 ii 001 0 eng
010 _asa 67001740
020 _cRs 15
035 _a(OCoLC)3779443
040 _aDLC
_cNjUPM
_dBDDh-ASL
_dDLC
041 1 _aengsan
042 _apremarc
050 0 0 _aBL1120.A3
_bH8 1965
082 _a294.592
_bHUU
130 0 _aUpanishads.
_lEnglish.
245 1 4 _aThe thirteen principal Upanishads /
_cTranslated from the Sanskrit with an outline of the philosophy of the Upanishads and an annotated bibliography by Robert Ernest Hume. With a list of recurrent and parallel passages by George C. O. Haas.
250 _a2d ed., rev.
260 _aMadras :
_bOxford University Press,
_c1965.
300 _axvi, 587 p. :
_c23 cm.
500 _a"Sixth impression."
504 _aBibliography: p. 459-515.
630 0 0 _aUpanishads
_xBibliography
650 0 _aHindu philosophy.
700 1 _aHume, Robert Ernest,
_d1877-1948,
_etr.
700 1 _aHaas, George Christian Otto,
_d1883-
_eed.
906 _a7
_bcbc
_coclcrpl
_du
_encip
_f19
_gy-gencatlg
942 _2ddc
_cBK